zpět

Detail výsledku týmu

Kozlovna Oskol ST , Kroměříž

Datum a čas kvízu

22.5 Celkem bodů Celkový počet nahraných bodů na tomto kvízu bez doplňovacích otázek.
8. Pořadí na kvízu Konečné umístění týmu na tomto kvízu.

Zaznamenané odpovědi

# Otázka Odpověď Body Výsledky
1. Minulý týden připravili pracov... D) šaliny 0
2. Konverzační robot umělé inteli... Adolfa Hitlera 0
3. Po několika týdnech dohadování... Rubicon 0
4. Nedávno jsme se zmiňovali o ak... moa, Nový Zéland 0
5. V pátek se v Monaku konal dalš... skok vysoký 1
6. Tento snímek pochází z národní... Žofínský prales 1
7. Poblíž Františkových Lázní se... Soos 0
8. Chráněná krajinná oblast Pálav... Pavlovské vrchy, Nové Mlýny (Novomlýnská nádrž) 1
9. Nyní se podíváme na nejdelší j... Koněpruské jeskyně 0
10. Zde vidíme výhled z rozhledny... Králický Sněžník 1